• 首页
  • 本馆介绍
  • 公告通知
  • 最新文献
  • 馆藏检索
  • 电子资源
  • 读者导购
  • 参考咨询
  • 我的图书馆
  • 登录
  • 详细信息显示
  • 放入我的书架
  • 预约/预借图书
  • 作者相关作品
  • 分类相关作品
  • 丛书相关作品
  • 出版社相关作品

书目信息

  • 表格格式
  • 工作单格式
  • 卡片格式
题名:
Verilog高级数字系统设计技术与实例分析
    
 
作者: 米什拉 著 ;乔庐峰 译
分册:  
出版信息: 北京   电子工业出版社  2018.02
页数: 395页
开本: 26cm
丛书名: 经典译丛
单 册:
中图分类: TN431.202 , TP312VH , TP312
科图分类:
主题词: 数字集成电路--电路设计--计算机辅助设计 , VHDL语言--程序设计 , 软件
电子资源:
ISBN: 978-7-121-33483-2
000 02063oam2 2200361 450
001 4374
005 20181011110846.74
010    @a978-7-121-33483-2@dCNY109.00
100    @a20180513d2018 em y0chiy50 ea
101 1  @achi@ceng
102    @aCN@b110000
105    @ay z 000yy
200 1  @aVerilog高级数字系统设计技术与实例分析@9Verilog gao ji shu zi xi tong she ji ji shu yu shi li fen xi@dAdvanced chip design practical examples in Verilog@f(美)Kishore Mishra著@g乔庐峰等译@zeng
210    @a北京@c电子工业出版社@d2018.02
215    @a395页@d26cm
225 1  @a经典译丛@i微电子学
305    @a由Kishore Mishra授予出版
314    @aKishore Mishra,在芯片设计领域已积累20多年的实践经验,曾先后任职于Texas Instrument和Intel公司。
330    @a本书通过大量实例由浅入深地介绍了数字电路和数字系统设计中的重要概念和知识要点。本书分两大部分。一部分重点关注数字电路设计层面,偏重基础。2章到6章为Verilog语法与数字电路设计相关知识,包括常用语法、基本数字电路单元等。7章到9章重点介绍高级数字设计知识,包括数字系统架构设计、复杂数字系统中常用的电路单元、算法,并给出了大量工程实例。10章给出了一些重要的工程设计经验,包括文档管理、代码设计、系统验证、高可靠性设计等。二部分重点关注数字系统设计层面。11章到13章介绍了常用数字系统关键电路,包括与处理器系统相关的存储结构与存储访问技术、存储介质(硬盘、闪存、DDR等)与驱动电路、处理器总线结构与协议等。14章和15章介绍了电路可测性设计、静态定时分析、芯片工程修改的相关知识。16章和17章从电路设计层面到系统设计层面介绍了降低电路功耗的方法。18章到20章介绍常用串行总线和串行通信协议,包括PCI Express、SATA、USB及以太网技术。
461  0 @12001 @a经典译丛
462  0 @12001 @a微电子学
510 1  @aDvanced chip design practical examples in Verilog@zeng
606 0  @a数字集成电路@x电路设计@x计算机辅助设计
606 0  @aVHDL语言@x程序设计
606 0  @a软件
610 0  @aEDA
690    @aTN431.202@v5
690    @aTP312VH@v5
690    @aTP312@v4
701  0 @c(美)@a米什拉@9mi shi la@g(Mishra, Kishore)@4著
702  0 @a乔庐峰@9qiao lu feng@4译
801  0 @aCN@b91MARC@c20180513
905    @aMuseLib@dTP312@e1356
    
    Verilog高级数字系统设计技术与实例分析=Advanced chip design practical examples in Verilog/(美)Kishore Mishra著/乔庐峰等译.-北京:电子工业出版社,2018.02
    395页;26cm.-(经典译丛.微电子学)
    
    
    ISBN 978-7-121-33483-2:CNY109.00
    本书通过大量实例由浅入深地介绍了数字电路和数字系统设计中的重要概念和知识要点。本书分两大部分。一部分重点关注数字电路设计层面,偏重基础。2章到6章为Verilog语法与数字电路设计相关知识,包括常用语法、基本数字电路单元等。7章到9章重点介绍高级数字设计知识,包括数字系统架构设计、复杂数字系统中常用的电路单元、算法,并给出了大量工程实例。10章给出了一些重要的工程设计经验,包括文档管理、代码设计、系统验证、高可靠性设计等。二部分重点关注数字系统设计层面。11章到13章介绍了常用数字系统关键电路,包括与处理器系统相关的存储结构与存储访问技术、存储介质(硬盘、闪存、DDR等)与驱动电路、处理器总线结构与协议等。14章和15章介绍了电路可测性设计、静态定时分析、芯片工程修改的相关知识。16章和17章从电路设计层面到系统设计层面介绍了降低电路功耗的方法。18章到20章介绍常用串行总线和串行通信协议,包括PCI Express、SATA、USB及以太网技术。
●
相关链接 在E读中查询图书 在五车中查询图书 在当当中查询图书 在豆瓣中查询图书


正题名:Verilog高级数字系统设计技术与实例分析     索取号:TP312/1356         预约/预借

序号 登录号 条形码 馆藏地/架位号 状态 备注
1 1124857   211248577   第二样本阅览室/ [索取号:TP312/1356] 在馆    
2 1124858   211248586   第三借阅区/ [索取号:TP312/1356] 在馆    
3 1124859   211248595   第三借阅区/ [索取号:TP312/1356] 在馆    
4 1124860   211248602   第三借阅区/ [索取号:TP312/1356] 在馆    
唐山师范学院图书馆 欢迎您!
大连网信软件有限公司© 版权所有